Counties of New Jersey (Map) Quiz Stats

 Plays Quiz not verified by Sporcle

Challenge
Share
Tweet
Score 0/21 Timer 05:00
0 Plays Today
% Correct
Ocean
91.7%
Essex
91.2%
Cape May
90.5%
Sussex
89.7%
Atlantic
89.6%
Bergen
88.2%
Middlesex
86.5%
Camden
86.4%
Hudson
85.2%
Passaic
85.2%
Monmouth
84.1%
% Correct
Union
82.7%
Burlington
81.2%
Morris
80.2%
Mercer
79.8%
Warren
78.2%
Hunterdon
77.4%
Somerset
76.2%
Gloucester
75.7%
Salem
74%
Cumberland
73.6%

You're not logged in!

Compare scores with friends on all Sporcle quizzes.
OR
Log In

You Might Also Like...

Show Comments

Extras

Created Mar 15, 2014ReportNominate
Tags:counties, jersey, map, New Jersey

Top Quizzes Today


Score Distribution

Your Account Isn't Verified!

In order to create a playlist on Sporcle, you need to verify the email address you used during registration. Go to your Sporcle Settings to finish the process.

Report this User

Report this user for behavior that violates our Community Guidelines.

Details: